000
00314nam a22001337a 4500
008
260116b ||||| |||| 00| 0 eng d
020
_a
041965752160
041
_a
eng
080
_a
0001
100
_a
20
101
_a
art
245
_a
REVIEW LATIN AMERIKAN LITERATURE AND ARTS
_c
MIGUEL OVIEDO
942
_2
lcc
_c
BK
999
_c
60752
_d
60752